Yahoo! Pipes /

The Internet is transforming itself froma collection of web pages into a huge distributeddatabase. There's a wealth ofdata out there-not just RSS and Atomfeeds, but XML data on where to find anew apartment, how much to pay for anew car, how to see if there's a storm approaching. If the Int...

Full description

Bibliographic Details
Main Author: Pruett, Mark
Format: eBook
Language:English
Published: Sebastopol, Calif. : O'Reilly, 2007.
Series:O'Reilly short cut.
Subjects:
Online Access:Connect to the full text of this electronic book

MARC

Tag First Indicator Second Indicator Subfields
LEADER 00000cam a2200000 a 4500
001 in00004665113
006 m o d
007 cr unu||||||||
008 070712s2007 cau o 000 0 eng d
005 20260122222657.2
019 |a 856990115 
020 |a 9780596514532  |q (electronic bk.) 
020 |a 0596514530  |q (electronic bk.) 
035 |a (OCoLC)154684441  |z (OCoLC)856990115 
037 |a CL0500000011  |b Safari Books Online 
037 |a B07A0A6F-0A1D-475B-8770-6EBF481E8D95  |b OverDrive, Inc.  |n http://www.overdrive.com 
040 |a UMI  |b eng  |e pn  |c UMI  |d OCLCQ  |d CEF  |d OCLCQ  |d DEBSZ  |d N$T  |d OCLCQ  |d TEFOD  |d OCLCF  |d YDXCP  |d OCLCQ  |d FMG  |d E7B  |d TEFOD  |d EBLCP  |d OCLCQ  |d COO  |d OCLCQ  |d BRL  |d WYU  |d UAB  |d AU@  |d VT2  |d OCLCQ  |d RDF  |d OCLCQ  |d KSU  |d OCLCQ 
049 |a TXAM 
050 4 |a QA76.76.A63  |b P78 2007 
072 7 |a COM  |x 087000  |2 bisacsh 
072 7 |a COM  |x 034000  |2 bisacsh 
072 7 |a COM  |x 060130  |2 bisacsh 
072 7 |a COM  |x 060150  |2 bisacsh 
082 0 4 |a 006.7  |2 23 
100 1 |a Pruett, Mark. 
245 1 0 |a Yahoo! Pipes /  |c by Mark Pruett. 
260 |a Sebastopol, Calif. :  |b O'Reilly,  |c 2007. 
300 |a 1 online resource 
336 |a text  |b txt  |2 rdacontent 
337 |a computer  |b c  |2 rdamedia 
338 |a online resource  |b cr  |2 rdacarrier 
490 1 |a O'Reilly short cut 
588 0 |a Print version record. 
520 |a The Internet is transforming itself froma collection of web pages into a huge distributeddatabase. There's a wealth ofdata out there-not just RSS and Atomfeeds, but XML data on where to find anew apartment, how much to pay for anew car, how to see if there's a storm approaching. If the Internet is your newdatabase, you need a tool to mine thatdata-to merge and sort and search andfilter that data. That tool is Yahoo! Pipes. Widely touted as an RSS feed aggregator, Yahoo! Pipes is more than that. WithYahoo! Pipes you can manipulate virtuallyany web-accessible XML datasource, and then publish these. 
505 0 |a The Pipes Concept -- Introducing Yahoo! Pipes -- What's an RSS Feed? -- Getting Started -- The Yahoo! Pipes Development Environment -- A Simple Yahoo! Pipes Example -- Finding a Feed -- Back To Our Show, Already in Progress -- The Debugger -- Pipes Plumbing -- Tips, Tricks, and Quirks -- Using your Yahoo! Pipes -- What Is JSON? -- Listing: The YpipesJSON object -- A Word About the JSON Data -- Using the YPipesJSON Object -- Adding a Yahoo! Pipe to Your Personal Home Page -- KML and GeoData -- Where Now? -- Pipes Module Reference -- Content Analysis 
505 8 |a PurposeExample -- Count -- Purpose -- Example -- Date Formatter -- Purpose -- Example -- Date Input -- Purpose -- Example -- Fetch Feed -- Purpose -- Example -- Fetch Data -- Purpose -- Example -- Filter -- Purpose -- Example -- Flickr -- Purpose -- Example -- For Each: Annotate -- Purpose -- Example -- For Each: Replace -- Purpose -- Example -- Google Base -- Purpose -- Location Extractor -- Purpose -- Example -- Location Input -- Purpose -- Example -- Number Input -- Purpose -- Example -- Regex 
505 8 |a PurposeExample -- Rename -- Purpose -- Example -- Sorts -- Purpose -- Example -- Split -- Purpose -- Example -- String Concatenate -- Purpose -- Example -- Text Input -- Purpose -- Example -- BabelFish -- Purpose -- Example -- Truncate -- Purpose -- Example -- Union -- Purpose -- Example -- Unique -- Purpose -- Example -- URLBuilder -- Purpose -- Example -- URL Input -- Purpose -- Example -- Yahoo! Local -- Purpose -- Example -- Yahoo! Search -- Purpose -- Example 
650 0 |a Application program interfaces (Computer software) 
650 0 |a Web site development. 
650 7 |a COMPUTERS  |x Digital Media  |x General.  |2 bisacsh 
650 7 |a COMPUTERS  |x Interactive & Multimedia.  |2 bisacsh 
650 7 |a COMPUTERS  |x Web  |x Site Design.  |2 bisacsh 
650 7 |a COMPUTERS  |x Web  |x User Generated Content.  |2 bisacsh 
650 7 |a Application program interfaces (Computer software)  |2 fast  |0 (OCoLC)fst00811704 
650 7 |a Web site development.  |2 fast  |0 (OCoLC)fst01173243 
830 0 |a O'Reilly short cut. 
856 4 0 |u https://proxy.library.tamu.edu/login?url=https://go.oreilly.com/TAMU/library/view/-/9780596514532/?ar  |z Connect to the full text of this electronic book  |t 0 
955 |a Safari/O'Reilly ebooks 
994 |a 92  |b TXA 
999 f f |s 0d1d8a3d-17fe-4a9b-afd7-06ee16a64d50  |i 459a834d-68c8-4a7c-b4d1-1da87e67ac11  |t 0 
952 f f |a Texas A&M University  |b College Station  |c Electronic Resources  |s www_evans  |d Available Online  |t 0  |e QA76.76.A63 P78 2007  |h Library of Congress classification 
998 f f |a QA76.76.A63 P78 2007  |t 0  |l Available Online